00480nam a2200193Ia 4500003000900000008004100009040001300050040001300063041000800076245010800084250000900192260002100201260000900222300001100231300001000242490001700252490000600269710001100275IT-RoPAU120407s9999 xx 000 0 und d aIT-RoPAU cIT-RoPAU aita aIndagine Censis-Ciseff sulla attuazione della Riforma psichiatrica e sul destino dei dimessi dagli o.p. aRoma aEdizioni Paoline c1982 a702 p. c20 cm aInchieste, 5 v1 aCensis